[Event "GER-chT Betriebe 18th"]
[Site "Altenberg Zinnwald"]
[Date "2018.11.09"]
[Round "3.2"]
[White "Grandt, Bernd"]
[Black "Wepfer, Bernd"]
[Result "1/2-1/2"]
[WhiteElo "1978"]
[BlackElo "1831"]
[PlyCount "37"]
[EventDate "2018.11.08"]
[EventType "team-swiss"]
[EventRounds "7"]
[EventCountry "GER"]
[SourceTitle "EXT 2020"]
[Source "ChessBase"]
[SourceDate "2019.10.17"]
[SourceVersion "1"]
[SourceVersionDate "2019.10.17"]
[SourceQuality "1"]
[WhiteTeam "Ludwigsfelde Stern"]
[BlackTeam "Stuttgart Stern"]
[WhiteTeamCountry "GER"]
[BlackTeamCountry "GER"]

1. d4 Nf6 2. c4 g6 3. Nc3 Bg7 4. Nf3 0-0 5. e4 d6 6. Be2 e5 7. dxe5 dxe5 8. Qxd8 Rxd8 9. Bg5 Re8 10. 0-0-0 Na6 11. Ne1 Nc5 12. f3 c6 13. Nc2 a5 14. Be3 Bf8 15. Rd2 Be6 16. g4 Red8 17. Rhd1 Rd7 18. Ne1 Rad8 19. Rxd7 1/2-1/2

[Event "GER-chT Betriebe 14th"]
[Site "Dresden"]
[Date "2014.11.20"]
[Round "2.3"]
[White "Hartmann, Jens"]
[Black "Wepfer, Bernd"]
[Result "1/2-1/2"]
[WhiteElo "1788"]
[BlackElo "1879"]
[PlyCount "63"]
[EventDate "2014.11.20"]
[EventType "team-swiss"]
[EventRounds "7"]
[EventCountry "GER"]
[SourceTitle "EXT 2020"]
[Source "ChessBase"]
[SourceDate "2019.10.17"]
[SourceVersion "1"]
[SourceVersionDate "2019.10.17"]
[SourceQuality "1"]
[WhiteTeam "Hamburg Baubehoerde II"]
[BlackTeam "Stuttgart Stern"]
[WhiteTeamCountry "GER"]
[BlackTeamCountry "GER"]

1. e4 c5 2. f4 g6 3. Nf3 Bg7 4. Bc4 e6 5. 0-0 Ne7 6. a3 d5 7. exd5 exd5 8. Ba2 0-0 9. Nc3 Nbc6 10. Ne2 Nf5 11. c3 Be6 12. Ng5 Bc8 13. Rb1 h6 14. Nf3 a5 15. d4 c4 16. b3 cxb3 17. Bxb3 Re8 18. Ne5 Be6 19. Ba4 Qc7 20. Bd2 Re7 21. Nc1 Nd6 22. Ncd3 Ne4 23. Be1 Nxe5 24. Nxe5 Nxc3 25. Bxc3 Qxc3 26. Rf3 Qc8 27. Qd2 Bf5 28. Rc1 Rc7 29. Rfc3 Rxc3 30. Rxc3 Qd8 31. Bc2 Rc8 32. Bxf5 1/2-1/2